Statistiche per Colori del Cubo di Rubik

Clicka qui per fare il quiz!

Statistiche generali

  • Questo quiz è stato fatto 92 volte
  • Il punteggio medio è 6 su 6

Statistiche sulle risposte

Colori% Corretto
Giallo
100%
Rosso
100%
Verde
100%
Blu
99%
Arancione
97%
Bianco
97%

Distribuzione punteggi

Percentile per numero di risposta

Percentuale di utenti per punteggio

I tuoi punteggi nel tempo

Non hai fatto questo quiz